| 000 | 00547cam a2200205 a 4500 | ||
|---|---|---|---|
| 020 | _a0314597433 | ||
| 040 | _cDLC | ||
| 082 | _a613 WES 1988 A052 Co. | ||
| 100 | 1 | _aHamilton, Eva May Nunnelley | |
| 245 | 1 | 0 |
_aNutrition : _bconcepts and controversies / |
| 250 | _a4th ed. / | ||
| 260 |
_aSt. Paul : _bWest Pub. Co, _cc1988 |
||
| 300 |
_axvi, 736 p. : _bill. (some col.) ; _c26 cm |
||
| 650 | 0 | _aNutrition | |
| 650 | 0 | _aFood | |
| 650 | 2 | _aNutrition | |
| 700 | 1 | _aWhitney, Eleanor Noss | |
| 700 | 1 | _aSizer, Frances Sienkiewicz | |
| 942 | _cEK | ||
| 999 |
_c14572 _d14572 |
||